Words With Two or More Double Letters - Statistics

General Stats
  • This quiz has been taken 255 times
  • The average score is 9 of 18
Answer Stats
Hint Answer % Correct
One of the two US states with three double letters. (3 doubles) Mississippi
90%
Body art. (2 doubles) Tattoo
84%
Folgers and Maxwell House specialize in this drink. (2 doubles) Coffee
82%
A person who kills for money or political reasons. (2 doubles) Assassin
76%
A rubber bag thet expands when filled with air or gas. (2 doubles) Balloon
76%
The other US state with three double letters. (3 doubles) Tennessee
69%
A large woodwind instrument having a long U-shaped conical tube. (2 doubles) Bassoon
59%
A pirate or Tampa Bay player. (2 doubles) Buccaneer
59%
Only US state with two double letters. (2 doubles) Massachusetts
55%
One to whom mail is sent to. (3 doubles) Addressee
48%
A group of people delegated to consider, investigate, take action on, or report on some matter. (3 doubles) Committee
41%
The desired result of an attempt. (2 doubles) Success
40%
One who is responsible for the financial records of a business. (3 doubles) Bookkeeper
37%
Ailment; disease. (2 doubles) illness
37%
Abash; fluster. (2 doubles) Embarrass
30%
A small sour green fruit. (2 doubles) Gooseberry
17%
To end something by force; to keep secret; hide emotions. (2 doubles) Suppress
9%
The state of having no ownership. (4 doubles) Possessionlessness
2%
No matching quizzes found
Score Distribution
Percent of People with Each Score
Percentile by Number Answered
Your Score History
You have not taken this quiz